Gospel According to St Mark (Record no. 1078)

MARC details
000 -LEADER
fixed length control field 00655nam a2200241 a 4500
020 ## - INTERNATIONAL STANDARD BOOK NUMBER
ISBN
082 00 - DEWEY DECIMAL CLASSIFICATION NUMBER
Classification number 226.3
Author Cutter RAW
100 ## - MAIN ENTRY--AUTHOR NAME
Author name Rawlinson, A E J
245 ## - TITLE STATEMENT
Title Gospel According to St Mark
Sub title 2nd Edidtion.
260 ## - PUBLICATION, DISTRIBUTION, ETC. (IMPRINT)
Place of publication London
Name of publisher Methuen and Company
Year of publication 1927
300 ## - PHYSICAL DESCRIPTION
Number of Pages 278p
500 ## - GENERAL NOTE
General note includes index and biblioraphy
505 2# - FORMATTED CONTENTS NOTE
Formatted contents note with Introduction, Commentary and additional notes and Index.
650 ## - SUBJECT ADDED ENTRY--TOPICAL TERM
Topical Term Bible N.T. Gospel Mark
942 ## - ADDED ENTRY ELEMENTS (KOHA)
Koha item type Books
700 1# -
-- Rawlinson, A E J
Holdings
Home library Current library Date acquired Cost, normal purchase price Full call number Accession Number Koha item type
Henry Martyn Institute Library Henry Martyn Institute Library 06/20/2007 100.00 226.3 RAW 3387 Archive Book
                   Copyright © 2026 | Henry Martyn Institute | Hyderabad | TS-500052 | INDIA | Implemented by hmi.edu.in
Hit-Count:

Powered by Koha